00621nam a22001935a 450000500170000000800410001701000140005802000270007203500130009903700150011204000180012708200150014510000210016024500910018126000380027227000510031030000250036150000410038620080918020040.0080806s2008 ii b 000 0 eng  aENG-92647 a9788187496632 c350.00 aEN-76180 bDBAD / PUB adplbEnglish  a577.097291 aLevins, Richard. aTalking about trees :bscience, ecology, and agriculture in Cuba /cby Richard Levins. aNew Delhi bLeftword Booksc2008. a12, Rajendra Prasad Road, bNew Delhi e110001 a169 p. ;c23 cm (Hb) aIncludes bibliographical references